<?xml version="1.0" encoding="UTF-8"?>
<marc:record xmlns:marc="http://www.loc.gov/MARC21/slim">
   <marc:leader>00000nam a2200000 a 4500</marc:leader>
   <marc:datafield ind1="1" ind2=" " tag="100">
      <marc:subfield code="a">Caboni, Christina</marc:subfield>
      <marc:subfield code="4">aut</marc:subfield>
      <marc:subfield code="e">Verfasser/-in</marc:subfield>
   </marc:datafield>
   <marc:datafield ind1="1" ind2=" " tag="100">
      <marc:subfield code="a">Ickler, Ingrid</marc:subfield>
      <marc:subfield code="4">trl</marc:subfield>
      <marc:subfield code="e">Übersetzer/-in</marc:subfield>
   </marc:datafield>
   <marc:datafield ind1="0" ind2="0" tag="245">
      <marc:subfield code="a">Der Zauber zwischen den Seiten</marc:subfield>
   </marc:datafield>
   <marc:datafield ind1="0" ind2="0" tag="245">
      <marc:subfield code="b">Roman</marc:subfield>
   </marc:datafield>
   <marc:datafield ind1="0" ind2="0" tag="245">
      <marc:subfield code="c">Christina Caboni. Aus dem Ital. von Ingrid Ickler</marc:subfield>
   </marc:datafield>
   <marc:datafield ind1=" " ind2="1" tag="264">
      <marc:subfield code="a">München</marc:subfield>
      <marc:subfield code="b">Blanvalet</marc:subfield>
      <marc:subfield code="c">2023</marc:subfield>
   </marc:datafield>
   <marc:datafield ind1="1" ind2=" " tag="520">
      <marc:subfield code="a">Seit sie denken kann, ist Sofia von Büchern fasziniert. Sie liebt das Rascheln der Seiten, den Geruch des Papiers und vor allem die Welten, in die sie eintauchen kann, um der grauen Realität zu entfliehen. Als sie in einem Antiquariat auf ein altes Buch stößt, findet sie die darin versteckten Aufzeichnungen einer gewissen Clarice, die Mitte des 19. Jahrhunderts gelebt hat. Clarice und sie selbst scheinen viel gemeinsam zu haben, und Sofias Neugier wird immer größer. Um mehr über die geheimnisvolle Frau in Erfahrung zu bringen, reist sie einmal quer durch Europa und enthült dabei nicht nur eine unglaubliche Liebesgeschichte, sondern findet auch ihr eigenes Glück ... (Verlagstext)</marc:subfield>
   </marc:datafield>
   <marc:datafield ind1=" " ind2=" " tag="020">
      <marc:subfield code="a">9783734180422</marc:subfield>
      <marc:subfield code="9">9783734180422</marc:subfield>
   </marc:datafield>
   <marc:datafield ind1=" " ind2=" " tag="020">
      <marc:subfield code="a">3734180422</marc:subfield>
      <marc:subfield code="9">3734180422</marc:subfield>
   </marc:datafield>
   <marc:datafield ind1=" " ind2=" " tag="300">
      <marc:subfield code="a">348 S.</marc:subfield>
   </marc:datafield>
</marc:record>
